00751cam a2200229 a 450000100100000000500170001000800410002704000290006808200180009710000320011524500490014726000430019630000210023949000110026065000280027165000310029983000180033091000280034804900090037695201210038599900150050600000860320200929161354.0840629s1990 cu 000 0 spa  aDO-SdBNPbspacLCdBNPHU a863.64bM183a1 aMadrid, Juan,d1947-92303114aLas apariencias no engañan /cJuan Madrid. aLa Habana :bArte y Literatura,c1990. a204 p. ;c19 cm.1 aDragon 4aNovela española91123 4aLiteratura española9632 0aDragon923032 aCatalogación derivada aBNGR 001052708MOaGRbGRcCTd2009-09-17iLF1l0o863.64 M183ap8603-10r2020-06-25w2020-06-25y2ZPréstamo interno c8373d8373